Top 30 Ballon d'Or 2026 - Statistiques

Statistiques générales
  • Ce quiz a été pris 107 fois
  • Le résultat moyen est 13 sur 30
Statistiques - réponses
Hint Réponse % Correct
1 Dembele
95%
17 Mbappé
88%
26 Yamal
84%
11 Kane
79%
5 Olise
79%
25 Vinicius
71%
28 Vitinha
67%
8 Haaland
61%
4 Doué
59%
18 Mendes
57%
10 Hakimi
55%
21 Raphinha
53%
16 Neves
51%
19 Pedri
42%
2 Donnarumma
41%
20 Palmer
37%
22 Rice
37%
27 Salah
36%
23 Ruiz
34%
14 Martinez
28%
12 Lewandowski
22%
24 Van Dijk
18%
29 Wirtz
18%
9 Gyokeres
14%
15 Mac Allister
12%
6 Dumfries
11%
7 Guirassy
8%
13 Kvaratshkelia
7%
30 Mc Tominay
5%
3 Belligham
1%
Aucun quiz correspondant
Distribution des résultats
% des personnes avec chaque résultat
Percentile par nombre de réponses
Votre historique - résultats
Vous n’avez pas pris ce quiz